Real estate appraisal: a review of valuation methods (Record no. 73399)
[ view plain ]
| 000 -LEADER | |
|---|---|
| fixed length control field | 01819cam a2200277 4500 |
| 001 - CONTROL NUMBER | |
| control field | ABS67113 |
| 008 - FIXED-LENGTH DATA ELEMENTS--GENERAL INFORMATION | |
| fixed length control field | 030912n2003 000 0 eng u |
| 035 ## - SYSTEM CONTROL NUMBER | |
| System control number | (Sirsi) u123581 |
| 100 ## - MAIN ENTRY--PERSONAL NAME | |
| Personal name | Pagourtzi, E. |
| 245 ## - TITLE STATEMENT | |
| Title | Real estate appraisal: a review of valuation methods |
| 260 ## - PUBLICATION, DISTRIBUTION, ETC. | |
| Date of publication, distribution, etc. | 2003 |
| 490 ## - SERIES STATEMENT | |
| Series statement | Journal of Property Investment and Finance |
| Volume/sequential designation | 21(4) 2003, 383-401(19) |
| 520 ## - SUMMARY, ETC. | |
| Summary, etc. | The valuation of real estate is a central tenet for all businesses. Land and property are factors of production and, as with any other asset, the value of the land flows from the use to which it is put, and that in turn is dependent upon the demand (and supply) for the product that is produced. Valuation, in its simplest form is the determination of the amount for which the property will transact on a particular date. However, there is a wide range of purposes for which valuations are required. These range from valuations for purchase and sale, transfer, tax assessment, expropriation, inheritance or estate settlement, investment and financing. The objective of the paper is to provide a brief overview of the methods used in real estate valuation. Valuation methods can be grouped as traditional and advanced. The traditional methods are regression models, comparable, cost, income, profit and contractor's method. The advanced methods are ANNs, hedonic pricing method, spatial analysis methods, fuzzy logic and ARIMA models. (Taken from journal headnote). |
| 590 ## - LOCAL NOTE (RLIN) | |
| Local note | ABS |
| 650 ## - SUBJECT ADDED ENTRY--TOPICAL TERM | |
| Topical term or geographic name entry element | MARKET SURVEYS |
| 650 ## - SUBJECT ADDED ENTRY--TOPICAL TERM | |
| Topical term or geographic name entry element | FORECASTING |
| 650 ## - SUBJECT ADDED ENTRY--TOPICAL TERM | |
| Topical term or geographic name entry element | ESTIMATION |
| 650 ## - SUBJECT ADDED ENTRY--TOPICAL TERM | |
| Topical term or geographic name entry element | ASSETS VALUATION |
| 650 ## - SUBJECT ADDED ENTRY--TOPICAL TERM | |
| Topical term or geographic name entry element | VALUATION METHODS |
| 650 ## - SUBJECT ADDED ENTRY--TOPICAL TERM | |
| Topical term or geographic name entry element | REAL ESTATE |
| 690 ## - LOCAL SUBJECT ADDED ENTRY--TOPICAL TERM (OCLC, RLIN) | |
| Topical term or geographic name as entry element | PROPERTY-PROPERTY APPRAISAL AND VALUATION |
| 700 ## - ADDED ENTRY--PERSONAL NAME | |
| Personal name | Assimakopoulos, V. |
| 700 ## - ADDED ENTRY--PERSONAL NAME | |
| Personal name | Hatzichristos, T. |
| 700 ## - ADDED ENTRY--PERSONAL NAME | |
| Personal name | French, N. |
| 942 ## - ADDED ENTRY ELEMENTS (KOHA) | |
| Suppress in OPAC | 0 |
| Withdrawn status | Lost status | Source of classification or shelving scheme | Damaged status | Not for loan | Home library | Current library | Shelving location | Date acquired | Total Checkouts | Full call number | Barcode | Date last seen | Copy number | Price effective from | Koha item type |
|---|---|---|---|---|---|---|---|---|---|---|---|---|---|---|---|
| Dewey Decimal Classification | London | London | Journal article | 12/09/2003 | ABS67113 | 123581-1001 | 06/08/2019 | 1 | 06/08/2019 | Journal article |